[Event "Pan American-ch School U13 12th"]
[Site "Callao"]
[Date "2023.10.16"]
[Round "2"]
[White "Blanco Huallpa, Joshuas Kalen"]
[Black "Ayala Aranibar, Adrian Alexander"]
[Result "0-1"]
[WhiteElo "1197"]
[BlackElo "1326"]
[PlyCount "84"]
[EventDate "2023.10.16"]
[EventType "swiss"]
[EventRounds "9"]
[EventCountry "PER"]
[SourceTitle "CBM 217 Extra"]
[Source "ChessBase"]
[SourceDate "2024.01.31"]
[SourceVersion "1"]
[SourceVersionDate "2024.01.31"]
[SourceQuality "1"]

1. e4 c5 2. Nf3 Nc6 3. d4 cxd4 4. Nxd4 g6 5. Nc3 Bg7 6. Be3 Nf6 7. Nxc6 bxc6 8. Bd3 d5 9. exd5 cxd5 10. Bd4 0-0 11. 0-0 Re8 12. Re1 a6 13. b3 Bb7 14. Na4 Bc6 15. Nc5 Qc8 16. Qe2 a5 17. c3 Nd7 18. Nxd7 Qxd7 19. Bxg7 Kxg7 20. Qe5+ Kg8 21. Rad1 Rad8 22. Bf1 e6 23. h4 Qd6 24. Qxd6 Rxd6 25. a4 e5 26. Bb5 Bd7 27. Bxd7 Rxd7 28. c4 d4 29. f3 f5 30. Kf2 Kf7 31. c5 Ke6 32. Rc1 Kd5 33. Rc4 Rc7 34. Rec1 Rec8 35. b4 axb4 36. Rxb4 Rxc5 37. Rcb1 e4 38. fxe4+ fxe4 39. g4 e3+ 40. Ke2 Ke4 41. Ke1 Rc1+ 42. Ke2 R8c2# 0-1